Ευρωπαϊκή κοινωνία και ανώτατη εκπαίδευση : μια σχέση σε περίοδο κρίσης ή στην αφετηρία ριζοσπαστικών μεταρρυθμίσεων;
Αποθηκεύτηκε σε:
| Κύριος συγγραφέας: | |
|---|---|
| Συγγραφή απο Οργανισμό/Αρχή: | |
| Μορφή: | Thesis Βιβλίο |
| Γλώσσα: | Greek |
| Δημοσίευση: |
2007.
|
| Θέματα: | |
| Διαθέσιμο Online: | http://hdl.handle.net/11610/7857 |
| Ετικέτες: |
Προσθήκη ετικέτας
Δεν υπάρχουν, Καταχωρήστε ετικέτα πρώτοι!
|
MARC
| LEADER | 00000cam a2200000 i 4500 | ||
|---|---|---|---|
| 001 | 1/876 | ||
| 008 | 090818s2007 gr | ||| |||| ||gre|| | ||
| 035 | |l 10105393 | ||
| 040 | |a GR-MyUa |b gre |e AACR2 | ||
| 041 | 0 | |a gre | |
| 082 | 7 | |a 378 |2 (22) | |
| 100 | 1 | |a Τσοβίλη, Αλεξάνδρα. | |
| 245 | 1 | 0 | |a Ευρωπαϊκή κοινωνία και ανώτατη εκπαίδευση : |b μια σχέση σε περίοδο κρίσης ή στην αφετηρία ριζοσπαστικών μεταρρυθμίσεων; / |c επιμέλεια: Τσοβίλη Αλεξάνδρα ; υπεύθυνος καθηγητής: Γρηγορίου Παναγιώτης. |
| 260 | |c 2007. | ||
| 300 | |a 153 σ. ; |c 30 εκ. | ||
| 502 | |a Πτυχιακή εργασία – Πανεπιστήμιο Αιγαίου, Λέσβος, 2007. | ||
| 650 | 0 | 0 | |a Education and state |z European Union countries. |
| 650 | 0 | 0 | |a Education, Higher |z European Union countries. |
| 650 | 0 | 0 | |a Education, Higher |x Political aspects. |
| 650 | 0 | 0 | |a Universities and colleges |z Europe. |
| 650 | 0 | 0 | |a Dissertations, Academic |z Greece. |
| 700 | 1 | |a Γρηγορίου, Παναγιώτης Γ. |e dgs | |
| 710 | 2 | |a Πανεπιστήμιο Αιγαίου |b Σχολή Κοινωνικών Επιστημών |b Τμήμα Κοινωνιολογίας. | |
| 852 | |a INST |b LESVOS |c DIATR |e 20090818 |h 319 |p 005100045715 |q 005100045715 |t DIE |y 23 | ||
| 852 | |a INST |b LESVOS |c DIATR |e 20090818 |h 320 |p 005100045716 |q 005100045716 |t DIE |y 23 | ||
| 856 | |u http://hdl.handle.net/11610/7857 | ||
| 901 | |a BIBL1-2009-2 | ||
| 924 | |a Τσοβίλη |b Αλεξάνδρα |y Λέσβος |z 2008-04 | ||
| 970 | |a ΤΖΑΦΕΡΗ |b ΕΥΑΓΓΕΛΙΑ |z 2009/08/18 | ||